Statistics for The Who Albums

Click here to take the quiz!

General Stats

  • This quiz has been taken 5 times
  • The average score is 7 of 9

Answer Stats

HintAnswer% Correct
1975The Who By Numbers
100%
1967 The Who Sell Out
100%
1969Tommy
100%
1971Who's Next
100%
1965My Generation
80%
1973Quadrophenia
80%
1978Who Are You
80%
1966A Quick One
40%
1971Live at Leeds
20%

Score Distribution

Percentile by Number Answered

Percent of People with Each Score

Your Score History

You have not taken this quiz